header

Unit manufacturing processes (Record no. 172456)

MARC details
000 -LEADER
fixed length control field 01228nam a2200277 a 4500
082 04 - DEWEY DECIMAL CLASSIFICATION NUMBER
Classification number 670.42
245 00 - TITLE STATEMENT
Title Unit manufacturing processes
260 ## - PUBLICATION, DISTRIBUTION, ETC. (IMPRINT)
Place of publication Washington, D.C. :
Name of publisher National Academy Press,
Year of publication 1995.
300 ## - PHYSICAL DESCRIPTION
Number of Pages xiv, 212 p. :
Other physical details ill.
650 #0 - SUBJECT ADDED ENTRY--TOPICAL TERM
Topical Term Manufacturing processes.
856 40 - ELECTRONIC LOCATION AND ACCESS
Uniform Resource Identifier http://site.ebrary.com/lib/rucke/Doc?id=10057051

No items available.

© 2026 Rongo University
Contact us: librarian | system librarian | Rongo university